00544 2200181 4500001002100000005001700021008004100038020002200079035002500101041000700126082000800133090001400141100002100155245011200176250000600288260003800294300003000332INLIS0000000000047460:yyyyMMddHHmmss180719||||||||| | ||| |||| || |  a978-979-29-1370-5 a0010-031300000004746 aid0 a921 a921 YUA t0 aKumara Ari Yuana00aThe Greatest Philosophers : 100 Tokoh filsuf Barat dari Abad 6 SM - Abad 21 yang menginspirasi dunia bisnis a1 aYogyakartabANDI Yogyakartac2010 axiv+394 hal.; 19 x 23 cm.